EVALUATION OF CAMBODIAN RICE VARIETIES AT SEEDLING STAGE FOR SALINITY TOLERANCE BY PHYSIOLOGICAL CHARARS ការវាយតម្លៃពូជស្រូវកម្ពុជានៅដំណាក់កាលសំណាបសម្រាប់ការធន់នឹងអំបិលដោយលក្ខណះសរិរវិទ្យា (Record no. 22676)

000 -LEADER
fixed length control field 00731nam a22001337a 4500
040 ## - CATALOGING SOURCE
Transcribing agency RUA
082 ## - DEWEY DECIMAL CLASSIFICATION NUMBER
Classification number AGR KEN 2021 B1.586 Or.
100 ## - MAIN ENTRY--AUTHOR NAME
Personal name KEN MAB កែន​​ ម៉ាប់
245 ## - TITLE STATEMENT
Title EVALUATION OF CAMBODIAN RICE VARIETIES AT SEEDLING STAGE FOR SALINITY TOLERANCE BY PHYSIOLOGICAL CHARARS ការវាយតម្លៃពូជស្រូវកម្ពុជានៅដំណាក់កាលសំណាបសម្រាប់ការធន់នឹងអំបិលដោយលក្ខណះសរិរវិទ្យា
260 ## - PUBLICATION, DISTRIBUTION, ETC. (IMPRINT)
Place of publication PHNOM PENH
Name of publisher RUA
Year of publication 2021
300 ## - PHYSICAL DESCRIPTION
Number of Pages VIII.44P
Other physical details V.
Dimensions 29CM
856 ## - ELECTRONIC LOCATION AND ACCESS
Uniform Resource Identifier https://drive.google.com/file/d/15RzNLmD3wtHHSam0jAzU4xJcfZw9hMLf/view?usp=sharing
942 ## - ADDED ENTRY ELEMENTS (KOHA)
Koha item type AGR
952 ## - LOCATION AND ITEM INFORMATION (KOHA)
Withdrawn status [LOCAL, KOHA] 0
952 ## - LOCATION AND ITEM INFORMATION (KOHA)
Withdrawn status [LOCAL, KOHA] 0
952 ## - LOCATION AND ITEM INFORMATION (KOHA)
Withdrawn status [LOCAL, KOHA] 0
Holdings
Permanent Location Date acquired Koha item type Lost status Shelving location Barcode Current Location Full call number
Library Block B2024-03-25AGR B1.586a078345Library Block BAGR KEN 2021 B1-586 Or.
Library Block B2024-03-25AGR B1.586a078585Library Block BAGR KEN 2021 B1-586 Or.
Library Block B2024-03-25AGR B1.586a078529Library Block BAGR KEN 2021 B1-586 Or.
មជ្ឈមណ្ឌលឯការនៃសាកលវិទ្យាល័យភូមិន្ទកសិកម្មចំការដូង

Powered by Koha